LEADER 00845nam0 22002531i 450 001 RML0235700 005 20231121125702.0 100 $a20121121d1985 ||||0itac50 ba 101 | $aita 102 $ait 181 1$6z01$ai $bxxxe 182 1$6z01$an 200 1 $aITALIA$eCodice tributario$fa cura di Augusto Fantozzi$gPasquale Marino 210 $aMilano $cGiuffr $d1985 215 $a2 v.$d20 cm. 700 1$aFANTOZZI$b, Augusto$3RMLV148068$0109804 801 3$aIT$bIT-01$c20121121 850 $aIT-FR0098 899 $aBiblioteca Area Giuridico Economica$bFR0098 912 $aRML0235700 950 0$aBiblioteca Area Giuridico Economica$d 53CAM 342/53 I-II$e 53VM 0000042375 VM barcode:0003636VM$fA $h19950216$i20121204 977 $a 53 996 $aITALIA$93619151 997 $aUNICAS LEADER 01697nam1 22004453i 450 001 NAP0184314 005 20231121125559.0 100 $a20151116g1831 ||||0itac50 ba 101 | $aita 102 $ait 181 1$6z01$ai $bxxxe 182 1$6z01$an 200 1 $aIstorie$fErodoto$gtraduzione italiana di A. Mustoxidi 210 $aNapoli$cpresso Luigi Chiurazzi 215 $av.$d16 cm. 225 | $aBiblioteca dei classici tradotti 410 0$1001CUB0184426$12001 $aBiblioteca dei classici tradotti 463 1$1001FOG0141231$12001 $aLibri 1. e 2.$fErodoto$v1 463 1$1001FOG0324198$12001 $aLibro 7.$fErodoto 500 10$aHistoriae$3BVEE010246$9CFIV036084$913738 676 $a883.01$9Poesia epica e narrativa greca classica. Periodo antico, fino al 499 ca.$v22 700 0$aHerodotus$3CFIV036084$4070$0162857 702 1$aMustoxidi$b, Andrea$3SBLV022831 790 0$aErodoto$3CFIV036085$zHerodotus 790 0$aErodoto : d'Alicarnasso$3CSAV024325$zHerodotus 790 0$aHérodot$3IEIV043856$zHerodotus 790 0$aErodoto : di Alicarnasso$3LIGV024699$zHerodotus 790 1$aHerodotus$b, Halicarnassensis$3SBNV050570$zHerodotus 790 1$aHerodotus$b, Halicarnasseus$3SBNV050571$zHerodotus 790 0$aHerodoto$3TO0V532831$zHerodotus 790 1$aMoustoxydes$b, Andreas$3PUVV321675$zMustoxidi, Andrea 801 3$aIT$bIT-01$c20151116 850 $aIT-FR0017 899 $aBiblioteca umanistica Giorgio Aprea$bFR0017 912 $aNAP0184314 950 1$aBiblioteca umanistica Giorgio Aprea$d 52DFV A 342$d 52DFV A 343 967 $m2 977 $a 52 996 $aHistoriae$913738 997 $aUNICAS